Havraní dvůr. 2, V krutosti stínů = Court of ravens. Book 2, Shadows so cruel /
Uloženo v:
| Série: | Havraní dvůr,
část 2 |
|---|---|
| Hlavní autor: | |
| Médium: | Kniha |
| Jazyk: | Czech |
| Vydáno: |
V Praze :
Mediaplex,
2025
|
| Vydání: | Vydání 1. |
| Témata: | |
| Celkem bylo vypůjčeno: | 0x |
| Příbuzné jednotky: | Z cyklu::
Havraní dvůr |
| Tagy: |
Žádné tagy |
| LEADER | 01784cam a2200505 i 4500 | ||
|---|---|---|---|
| 001 | 106299 | ||
| 003 | CZ PrNK | ||
| 005 | 20260512112952.0 | ||
| 007 | ta | ||
| 008 | 260128s2025 xr e 000 f cze d | ||
| 015 | |a cnb003738827 | ||
| 020 | |a 9788053012607 |q (brožováno) | ||
| 040 | |a KVG001 |b cze |d BOA001 |d ABA001 |e rda | ||
| 041 | 1 | |a cze |h eng | |
| 072 | 7 | |a 821.111(73)-3 |x Americká próza |2 Konspekt |9 25 | |
| 080 | |a 821.111(73)-31 |2 MRF | ||
| 080 | |a (0:82-312.9) |2 MRF | ||
| 080 | |a (0:82-993) |2 MRF | ||
| 100 | 1 | |a Zander, Liv |7 jo20251282003 |4 aut |9 117326 | |
| 240 | 1 | 0 | |a Shadows so cruel. |l Česky |
| 245 | 1 | 0 | |a Havraní dvůr. |n 2, |p V krutosti stínů = Court of ravens. Book 2, Shadows so cruel / |c Liv Zander |
| 246 | 3 | 0 | |a V krutosti stínů |
| 246 | 3 | 0 | |a Shadows so cruel |
| 246 | 3 | 1 | |a Court of ravens |
| 250 | |a Vydání 1. | ||
| 264 | 1 | |a V Praze : |b Mediaplex, |c 2025 | |
| 300 | |a 496 stran ; |c 20 cm | ||
| 336 | |a text |b txt |2 rdacontent | ||
| 337 | |a bez média |b n |2 rdamedia | ||
| 338 | |a svazek |b nc |2 rdacarrier | ||
| 500 | |a Přeloženo z angličtiny | ||
| 500 | |a Obsahuje QR kódy s přístupem k rozšiřujícím materiálům | ||
| 653 | 0 | |a romantasy | |
| 655 | 7 | |a americké romány |7 fd131796 |2 czenas |9 53403 | |
| 655 | 7 | |a fantasy romány |7 fd184199 |2 czenas |9 54250 | |
| 655 | 7 | |a erotické romány |7 fd132211 |2 czenas |9 53580 | |
| 655 | 9 | |a American fiction |2 eczenas | |
| 655 | 9 | |a fantasy novels |2 eczenas | |
| 655 | 9 | |a erotic novels |2 eczenas | |
| 710 | 2 | |a Mediaplex (nakladatelství) |7 ko20261289893 |4 pbl |9 117327 | |
| 787 | 0 | 8 | |i Z cyklu: |t Havraní dvůr |g 2 |
| 910 | |a UOG502 | ||
| 942 | |2 ddc |c KN | ||
| 999 | |d 106299 | ||
| 993 | |0 0 |1 421180107024 |2 ddc |4 0 |7 0 |9 99672 |b 0 |c 107024 |d 2026-05-12 |e 0 |f DOSP |h 499.00 |i Koupě |l DOSP |r 2026-05-12 |t 6 |w 2026-05-12 |y KN |z BELET |n | ||